S3->Kraków Główny - Statystyki

Ogólne statystyki
  • Ten quiz został rozwiązany 13 razy
  • Średni wynik to 7 z 11
Statystyki odpowiedzi
Nr. Stacja % Poprawnych
11. Kraków Główny
92%
1. Katowice
83%
9. Kraków Bronowice
83%
5. Jaworzno Szczakowa
75%
10. Kraków Łobzów
75%
8. Krzeszowice
75%
7. Trzebinia
75%
4. Mysłowice
67%
3. Katowice Szopienice Południowe
50%
6. Jaworzno Ciężkowice
33%
2. Katowice Zawodzie
33%
Nie znaleziono quizów pasujących do podanych kryteriów
Rozkład punktacji
Procent ludzi z każdym wynikiem
Percentyl według liczby udzielonych odpowiedzi
Twoja historia wyników
Nie rozwiązałeś tego quizu